Fragen aus der Wissenschaft - Buchstabe B - Statistiken

Allgemein
  • Dieses Quiz wurde 192 mal gespielt
  • Das Durchschnittsergebnis liegt bei 10 aus 20
Antwortstatistiken
Hinweis Antwort % Korrekt
Medizinisch: Fraktur - wahlweise: Zähler/Nenner Bruch
93%
Laborgerät zum Erhitzen von Stoffen mittels einer Gasflamme Bunsenbrenner
86%
Legierung aus Kupfer und Zinn - Namensgeber einer Zeitepoche Bronze
84%
Teilgebiet der Biologie - Pflanzenkunde Botanik
83%
Chemisches Element - Halogen mit Ordnungszahl 35 Brom
74%
Menschliches Drüsenorgan - Regulierung des Blutzuckers Bauchspeicheldrüse
72%
Einzellige Mikroorganismen Bakterien
69%
Erfinder und Unternehmer - Entwicklung des Telefons zur Marktreife Alexander Graham Bell
66%
(a + b)2 = a2 + 2ab + b2 Binomische Formel
64%
Logische Begründung einer mathematischen Aussage Beweis
62%
Dänischer Physiker und Nobelpreisträger - Atommodell (1885-1962) Niels Bohr
61%
Basisches, vulkanisches Ergussgestein - häufigstes Gestein der Erde Basalt
54%
Deutsch-amerikanischer Raketenentwickler und Raumfahrtpionier Wernher von Braun
43%
Begriff der Philosophie, der das Erleben des Selbst und der Umwelt beschreibt Bewusstsein
34%
Deutscher Chemiker bei BASF - Ammoniaksynthese (1874-1940) Carl Bosch
24%
Gruppe von Elementarteilchen mit ganzzahligem Spin, z.B. ein Photon Boson
18%
Roter Überriese im Sternbild des Orion Beteigeuze
11%
Österreichischer Physiker - Begründer der statistischen Thermodynamik Ludwig Boltzmann
6%
Deutscher Mediziner, Begründer der passiven Immunisierung (1854-1917) Emil von Behring
5%
Englischer Philosoph und Sozialreformer - Begründer des Utilitarismus Jeremy Bentham
3%
Keine übereinstimmenden Quizze gefunden
Verteilung der Resultate
Anzahl Personen mit jedem Resultat
Perzentil nach korrekt beantworteten Fragen
Ihre Resultats-Entwicklung
Sie haben dieses Quiz noch nicht gespielt